000
00332nam a2200121Ia 4500
008
240624s9999 xx 000 0 und d
041
_a
eng
082
_a
658 POR
100
_a
PORTER MICHAEL E
245
_a
COMPETITIVE ADVANTAGE CREATING AND SUSTA
260
_c
2004
_a
New York
_b
Free Press
300
_a
Exch.xxiv : ,557 : p. : cm. ; 23
999
_c
3749
_d
3749